People with over 200 IQ -sudden death - Statistics

General Stats
  • This quiz has been taken 33 times
    7 since last reset
  • The average score is 2 of 16
Answers on the Grid
Answers color-coded by a green-red scale on the quiz's grid according to % correct below.
YoungHoon Kim
Christopher Michael Langan
Rick Rosner
Johann Wolfgang von Goethe
Garry Kasparov
Thomas Wolsey
Michael Kearney
Marilyn vos Savant
Voltaire
Marnen Laibow-Koser
Isaac Newton
Kim Ung-Yong
Dylan Jones
Albert Einstien
Sho Yano
Terence Tao
Marilyn vos Savant
Srinivasa Ramanujan
Adragon de Mello
Willian Shakespeare
Hugo Grotius
Edith Stern
Ainan Cawley
Gottfried Wilhelm Leibniz
John Stuart Mill
William Sidis
Leonardo da Vinci
Marie Curie
Michael Grost
Blaise Pascal
Christopher Hirata
Cleopatra
 
Answer Stats
Answer % Correct
Johann Wolfgang von Goethe
67%
Marilyn vos Savant
67%
Willian Shakespeare
33%
YoungHoon Kim
33%
Ainan Cawley
0%
Christopher Hirata
0%
Dylan Jones
0%
Edith Stern
0%
Kim Ung-Yong
0%
Marilyn vos Savant
0%
Marnen Laibow-Koser
0%
Michael Grost
0%
Sho Yano
0%
Terence Tao
0%
Thomas Wolsey
0%
William Sidis
0%
No matching quizzes found
Score Distribution
Percent of People with Each Score
Percentile by Number Answered
Your Score History
You have not taken this quiz since the last reset